000 00644nam a22001695i 4500
001 170089
003 ES-MaACL
005 20250729015201.0
008 090128s1881 sp |||| | spa d
110 2 _aCuerpo Facultativo de Archiveros, Bibliotecarios y Anticuarios
_93353
245 1 0 _aReglamento orgánico del Cuerpo Facultativo de Archiveros, Bibliotecarios y Anticuarios, y establecimientos que del mismo dependen.
250 _aEdición oficial.
260 _aMadrid :
_b[s.n.],
_c1881 (
_fImpr. del Colegio Nacional de Sordo-Mundos y Ciegos)
300 _a32 p. ;
_c23 cm.
852 _aES-MaACL
_jT-914-F-2
999 _c170089
_d170089